Slavische Sprachwissenschaft und Interdisziplinarität Nr. 1 Nr. 2 Nr. 3 Nr. 4

Bibliographic Details
Other Authors: Friedhof, Gerd (Compiler), Kusse, Holger (Compiler), Schindler, Franz (Compiler)
Format: Book
Language:German
PhysicalDescription:4 zv. (1042 s.) 21 cm
Published: München Otto Sagner 1995-1998
ISBN:3876905982
3876906466
3876906555
3876906903
ISSN:0170-1320
Series:Specimina philologiae Slavicae
Subjects:

MARC

LEADER 00000nam a2200000 a 4500
001 vtls001392652
003 SK-MaSNL
005 20260301161639.0
008 251113s1995 DE a r 0 ger
020 |a 3876905982  |c [954,00] 
020 |a 3876906466  |c [1344,00] 
020 |a 3876906555  |c [1517,00] 
020 |a 3876906903  |c [1498,00] 
035 |a SNK000346954 
040 |a SNK  |b slo  |c SNK  |e AACR2 
044 |a DE 
080 |a 808.1 (082)=30  |2 1981 
080 |a 808.2(082)=30  |2 1981 
245 1 |a Slavische Sprachwissenschaft und Interdisziplinarität  |n Nr. 1  |n Nr. 2  |n Nr. 3  |n Nr. 4  |c herausgegeben von Gerd Freidhof, Holger Kusse und Franz Schindler 
260 |a München  |b Otto Sagner  |c 1995-1998 
300 |a 4 zv. (1042 s.)  |c 21 cm 
490 1 |a Specimina philologiae Slavicae  |x 0170-1320  |v Bd. 106  |v Bd. 108  |v Bd. 111  |v Bd. 117 
500 |a Čiast. text rus. 
650 0 7 |a jazykoveda slovanská  |x ruština  |x zborníky  |2 SNK  |9 524961 
650 0 7 |a slovanské jazyky  |x zborníky  |2 SNK  |9 65009 
700 1 |a Friedhof, Gerd  |4 zos  |9 524962 
700 1 |a Kusse, Holger  |4 zos  |9 350759 
700 1 |a Schindler, Franz  |4 zos  |9 524963 
830 0 |a Specimina philologiae Slavicae  |9 299313 
919 |a 3-87690-598-2 
919 |a 3-87690-646-6 
919 |a 3-87690-655-5 
919 |a 3-87690-690-3 
999 |c 810293  |d 812223 
952 |t P60, <04>, [BOOK], {604}  |a SNK  |b SNK  |y VYP  |7 0  |p 17A0244539  |o snkIC 128642/1  |i snkV 1110/2000  |0 0  |1 0  |4 0  |d 2000-07-24  |l 0  |r 2005-01-02 00:00:00  |w 2026-02-24 
952 |t P60, <04>, [BOOK], {604}  |a SNK  |b SNK  |y VYP  |7 0  |p 17A0244538  |o snkIC 128642/2  |i snkV 1111/2000  |0 0  |1 0  |4 0  |d 2000-07-24  |l 0  |r 2005-01-02 00:00:00  |w 2026-02-24 
952 |t P60, <04>, [BOOK], {604}  |a SNK  |b SNK  |y VYP  |7 0  |p 17A0244537  |o snkIC 128642/3  |i snkV 1112/2000  |0 0  |1 0  |4 0  |d 2000-07-24  |l 0  |r 2005-01-02 00:00:00  |w 2026-02-24 
952 |t P60, <04>, [BOOK], {604}  |a SNK  |b SNK  |y VYP  |7 0  |p 17A0244536  |o snkIC 128642/4  |i snkV 1113/2000  |0 0  |1 0  |4 0  |d 2000-07-24  |l 0  |r 2005-01-02 00:00:00  |w 2026-02-24